00000000nam 2200000zi 4500
0019.947395
003CaOODSP
00520250127133043
006m     o  d f      
007cr mn|||||||||
008250127t19911992oncd    ob   f000 0 eng d
020 |z066219876X
040 |aCaOODSP|beng|erda|cCaOODSP
043 |an-cn---
0861 |aZ1-1989/1-41-3E-PDF|zZ1-1989/1-41-3E
1001 |aBerkowitz, M. K.|q(Michael K.)|eauthor.
24514|aThe potential for competition in rail carriage / |cMichael K. Berkowitz.
264 1|a[Ottawa] : |b[Royal Commission on National Passenger Transportation], |cJuly 1991.
264 4|c©1992
300 |a1 online resource (38 pages) : |bgraph
336 |atext|btxt|2rdacontent
337 |acomputer|bc|2rdamedia
338 |aonline resource|bcr|2rdacarrier
500 |aIssued also in French under title: Les possibilités de concurrence pour le transport des voyageurs par chemin de fer.
500 |a"Report Prepared for the Research Division, Royal Commission on National Passenger Transportation."
500 |a"RR-03."
500 |aIncludes 2 title pages.
500 |aDigitized edition from print [produced by Government of Canada Publications Directorate].
504 |aIncludes bibliographical references (pages 34-38).
61020|aVIA Rail Canada.
650 0|aRailroads|zCanada|xPassenger traffic.
650 0|aCompetition|zCanada.
650 0|aTransportation and state|zCanada.
7101 |aCanada. |bRoyal Commission on National Passenger Transportation. |bResearch Division, |eissuing body.
77508|tLes possibilités de concurrence pour le transport des voyageurs par chemin de fer / |w(CaOODSP)9.947402
85640|qPDF|s3.24 MB|uhttps://publications.gc.ca/collections/collection_2025/bcp-pco/Z1-1989-1-41-3-eng.pdf